1578 1816 1655 1652 1747 1385 1561 1921 1288 1311 1076 1819 1450 1664 1241 1582 1066 1482 1023 1136 1213 1240 1475 1457 1039 1575 1017 1768 1691 1927 1860 1751 1906 1647 1367 1700 1305 1354 1101 1543 1579 1256 1511 1063 1456 1134 1498 1240 1118 1333 1671 1065 1973 1755 1231 1214 1416 1405 1495 1129 1458 1266 1149 1360 1394 1754 1726 1039 1238 1772 1093 1279 1458 1437 1152 1904 1831 1566 1676 1248 1619 1133 1821 1042 1968 1529 1801 1570 1491 1211 1574 1254 1283 1385 1746 1028 1636 1709 1334 BCNSPRNW ULIB Ver.6.0+V

เปลี่ยนเป็นภาษาไทย

Change to English
 แสดงรายละเอียดบรรณานุกรม
  กลับหน้าหลัก

Brief Record : Get Marc (ISO 2709) : E-mail record : QR code < ปิดหน้าต่าง
LEADER : 00000nam 2200000uu 4500
001    13399121316
003     ULIB
008    020711s2550 th a 000 0 tha d
020    9789749935163
090    นว.^bส731ฤ
100    สิริมา อภิจาริน
245    ฤาจะซับแต่ภาพซ้อนที่อ่อนไหว/^cสิริมา อภิจาริน
250    พิมพ์ครั้งที่ 1
260    กรุงเทพฯ :^bอรุณ,^c2550
300    383 หน้า
945    ^p265^l0^i14447
999    ^aกัณชพร
รายการนี้ยังไม่มีแท็ก
คุณยังไม่ได้ล็อกอิน คุณสามารถมีกิจกรรมร่วมกับเว็บไซต์ได้ แต่ต้องล็อกอินก่อน ::
  ล็อกอิน

รายการสื่อสารสนเทศ

ลำดับที่ ประเภท เลขเรียก/บาร์โค้ด สถานที่ สถานะ
1. วิทยาศาสตร์การแพทย์ และสุขภาพ
วิทยาศาสตร์การแพทย์ และสุขภาพ
นว. ส731ฤ  
  Barcode: 14447
ห้องสมุดวิทยาเขตสวรรค์ประชารักษ์
►นวนิยาย
บนชั้น
  ขอยืม

BibComment


ยังไม่เคยถูกคอมเมนท์

คอมเมนท์ทรัพยากรรายการนี้
  คอมเมนท์: ฤาจะซับแต่ภาพซ้อน..


 Copyright 2026. Bcnsprnw @Library